Vývoj portfólia investícií komerčných poisťovní na Slovensku v období 1997-2006
Zhodnotenie vývoja tvorby technických rezerv ako predpokladu investičnej činnosti komerčných poisťovní. Okrem druhov technických rezerv je uvedený aj vývoj ich objemu v životnom a neživotnom poistení. Investičná aktivita ako základný ukazovateľ efektívnosti zhodnocovania prostriedkov technických rez...
Saved in:
| Main Author: | |
|---|---|
| Other Authors: | |
| Format: | Book Chapter |
| Language: | Slovak |
| Subjects: | |
| Tags: |
No Tags, Be the first to tag this record!
|
MARC
| LEADER | 00000naa$a2200000$$$4500 | ||
|---|---|---|---|
| 001 | 0105287 | ||
| 005 | 20240513084732.7 | ||
| 041 | 0 | |a slo | |
| 044 | |a CZ | ||
| 245 | 1 | 0 | |a Vývoj portfólia investícií komerčných poisťovní na Slovensku v období 1997-2006 |c Eva Kafková, Marek Meheš |
| 520 | |a Zhodnotenie vývoja tvorby technických rezerv ako predpokladu investičnej činnosti komerčných poisťovní. Okrem druhov technických rezerv je uvedený aj vývoj ich objemu v životnom a neživotnom poistení. Investičná aktivita ako základný ukazovateľ efektívnosti zhodnocovania prostriedkov technických rezerv. | ||
| 610 | 2 | 0 | |a poisťovne komerčné |
| 610 | 2 | 0 | |a rezervy technické |
| 610 | 2 | 0 | |a poistenie životné |
| 610 | 2 | 0 | |a poistenie neživotné |
| 610 | 2 | 0 | |a investovanie |
| 610 | 2 | 0 | |a efektívnosť |
| 610 | 2 | 0 | |a ukazovatele efektívnosti |
| 100 | 1 | |a Kafková, Eva | |
| 700 | 1 | |a Meheš, Marek | |